000 01337cam a2200229 4500
001 WS121971
008 030414n 000 0 eng u
035 _a(Sirsi) u121971
110 _aIncorporated Council of Law Reporting for England and Wales
_94426
245 _aIncorporated Council of Law Reporting for England and Wales
520 _aWeb site for this charitable organisation set up by the legal profession in 1865 to counteract the problems caused by inaccurate reporting of legal cases. All cases are reported by solicitors and barristers who are present in court for the hearings. Includes a link to the Weekly Law reports giving current cases and those from the previous week and a similar service for the Law Reports. Also includes Daily Law Notes, a free 24 hour service from the Royal Courts of Justice and European Court of Justice, including updates from the House of Lords, Privy Council, Court of Appeal and all divisions of the High Court.
650 _aLAW REPORTS
650 _aROYAL COURTS OF JUSTICE
650 _aEUROPEAN COURT OF JUSTICE
650 _aHOUSE OF LORDS
650 _aPRIVY COUNCIL
650 _aCOURT OF APPEAL
650 _aHIGH COURT
690 _aLAW-CASE LAW
856 4 0 _uhttps://www.lawreports.co.uk
_zView the website free of charge at www.lawreports.co.uk...
942 _n0
999 _c120256
_d120256